Enquete sur les principes de la morale 1751
Gorde:
| Egile nagusia: | |
|---|---|
| Formatua: | Liburua |
| Hizkuntza: | frantsesa |
| Argitaratua: |
París
Aubier
1957
|
| Saila: | Bibliothèque Philosophique
|
| Gaiak: | |
| Etiketak: |
Etiketa erantsi
Etiketarik gabe, Izan zaitez lehena erregistro honi etiketa jartzen!
|
MARC
| LEADER | 00000nam a2200000 a 4500 | ||
|---|---|---|---|
| 001 | UCZ3048 | ||
| 003 | CL-VaPUC | ||
| 005 | 20210506001521.0 | ||
| 008 | 951013e19570000FR |||||||||||||||||fre|d | ||
| 999 | |c 239577 |d 239575 | ||
| 040 | |c Pontificia Universidad Católica de Valparaíso | ||
| 082 | 0 | 4 | |a 146.4 |b HUM |2 21 |
| 100 | |a Hume, David |e author |9 858138 | ||
| 245 | 1 | 0 | |a Enquete sur les principes de la morale 1751 |
| 260 | |a París |b Aubier |c 1957 | ||
| 300 | |a 256 p | ||
| 490 | 0 | |a Bibliothèque Philosophique | |
| 583 | |a last modification |c 19951013 00:00:00 |k Rodrigo Vera | ||
| 650 | 0 | |a Empirismo |9 255037 | |
| 650 | 7 | |a FILOSOFIA ESCOCESA |2 CL-VaPUC |9 346841 | |
| 650 | 0 | |a Teoría del conocimiento |9 255038 | |
| 650 | 0 | |a Escuelas filosóficas |9 266232 | |
| 852 | |a BIBCUR | ||
| 942 | |c BK |2 ddc | ||
| 945 | |d 19951013 00:00:00 |a lriquelm | ||
| 952 | |0 0 |1 0 |4 0 |6 146_400000000000000_HUM_1957 |7 0 |8 P |9 250835 |a BIBEDU |b BIBEDU |c BIBEDU_PB |d 2019-11-18 |i 1583409 |o 146.4 HUM 1957 |p 1583409 |r 2024-01-25 |w 2019-11-18 |y BK |k FIL | ||